La historia de Noé / Patricia A. Pingry, il. : Stacy Ventury Pickett (Registro nro. 47730)
[ vista simple ]
| 000 -LÍDER | |
|---|---|
| Campo fijo de descripción fija | 004520000a22001690004500 |
| 020 ## - NÚMERO INTERNACIONAL NORMALIZADO PARA LIBROS | |
| Número Internacional Normalizado del libro | 0-8249-4190--X |
| 082 04 - NÚMERO DE CLASIFICACIÓN DECIMAL DEWEY | |
| Número de clasificación | B P654h |
| 001 - NÚMERO DE CONTROL | |
| Campo de control | 519 |
| 100 1# - ASIENTO PRINCIPAL--NOMBRE PERSONAL | |
| Nombre personal | Pingry, Patricia A. |
| 245 10 - TÍTULO | |
| Título del Material | La historia de Noé / Patricia A. Pingry, il. : Stacy Ventury Pickett |
| 260 ## - PUBLICACIÓN, DISTRIBUCIÓN, ETC. (PIE DE IMPRENTA) | |
| Lugar de publicación, distribución, etc. | Nashville : Ideals Publications |
| 300 ## - DESCRIPCIÓN FÍSICA | |
| Extensión | [ 26 p. ] |
| 500 ## - NOTA GENERAL | |
| Nota General | Texto pasta dura |
| 505 00 - NOTA DE CONTENIDO | |
| Nota de contenido con formato preestablecido | Historia Biblica de Noe |
| 650 14 - ASIENTO SECUNDARIO DE MATERIA - TERMINO TEMÁTICO | |
| Término temático o nombre geográfico como elemento de entrada | Literatura Infantil |
| 942 ## - TIPO DE MATERIAL (KOHA) | |
| Tipo de Item KOHA | Z- Libro General BINCO |
| Estado de Material | Estado de Perdido | Volumen-Parte/Tomo | Estado de Dañado | No para Préstamo | Tomo | Biblioteca de Origen | Biblioteca Permanente | Fecha de Adquisición | Total de Préstamos | Signatura Topográfica | Código de Barras | Última vez visto | Ejemplar/Existencia | Fecha de Remplazo | Tipo de Material |
|---|---|---|---|---|---|---|---|---|---|---|---|---|---|---|---|
| Biblioteca Infantil Comunitaria BINCO | Biblioteca Infantil Comunitaria BINCO | 17/03/2006 | B P654h | B30925 | 24/11/2016 | 1 | 26/01/2016 | Z- Libro General BINCO |
